书目信息 |
| 题名: |
中国古陶收藏与鉴赏
|
|
| 作者: | 陈百华 编著 | |
| 分册: | ||
| 出版信息: | 上海 上海大学出版社 2004 |
|
| 页数: | 157页 | |
| 开本: | 21cm | |
| 丛书名: | 博古书系 | |
| 单 册: | ||
| 中图分类: | K876.34 | |
| 科图分类: | ||
| 主题词: | 陶器(考古)--鉴赏--中国 , 陶器(考古)--收藏--中国 , 文物--考古--中国 | |
| 电子资源: | ||
| ISBN: | 7-81058-747-1 | |
| 000 | 01201nam0 2200349 450 | |
| 000 | 01164nam0 2200337 450 | |
| 000 | 01150nam0 2200349 450 | |
| 000 | 01096nam0 2200325 450 | |
| 000 | 01114nam0 2200313 450 | |
| 000 | 01077nam0 2200301 45 | |
| 001 | TS2006036591 | |
| 005 | 20061210154030.29 | |
| 010 | @a7-81058-747-1@dCNY38.00 | |
| 100 | @a20060829d2004 em y0chiy0110 ea | |
| 101 | 0 | @achi |
| 102 | @aCN@b310000 | |
| 105 | @aa z 000yy | |
| 200 | 1 | @a中国古陶收藏与鉴赏@AZhong Guo Gu Tao Shou Cang Yu Jian Shang@f陈百华编著@FChen Bai Hua Bian Zhu |
| 210 | @a上海@c上海大学出版社@d2004 | |
| 215 | @a157页@c彩照,图@d21cm | |
| 225 | 2 | @a博古书系 |
| 330 | @a本书以图文并茂的形式,介绍了新石器时期、夏商周春秋时期、战国秦汉时期、三国两晋南北朝和隋唐五代时期古陶收藏与鉴赏方面的知识。 | |
| 410 | 0 | @12001 @a博古书系 |
| 606 | 0 | @a陶器(考古)@x鉴赏@y中国 |
| 606 | 0 | @a陶器(考古)@x收藏@y中国 |
| 606 | 0 | @a文物@x考古@x中国 |
| 690 | @aK876.34@v3 | |
| 701 | 0 | @a陈百华@AChen Bai Hua@4编著 |
| 801 | 0 | @aCN@b中图数据@c20061210 |
| 905 | @a10447@dK876.34@e213 | |
| 中国古陶收藏与鉴赏/陈百华编著.-上海:上海大学出版社,2004 |
| 157页:彩照,图;21cm.-(博古书系) |
| ISBN 7-81058-747-1:CNY38.00 |
| 本书以图文并茂的形式,介绍了新石器时期、夏商周春秋时期、战国秦汉时期、三国两晋南北朝和隋唐五代时期古陶收藏与鉴赏方面的知识。 |
| ● |
| 相关链接 |
|
|
|
|
正题名:中国古陶收藏与鉴赏
索取号:K876.34/213
 
预约/预借
| 序号 | 登录号 | 条形码 | 馆藏地/架位号 | 状态 | 备注 |
| 1 | 0610320 | 206103205 | 第二样本阅览室/ [索取号:K876.34/213] | 在馆 | |
| 2 | 0610321 | 206103214 | 第二借阅区/ [索取号:K876.34/213] | 在馆 | |
| 3 | 0610322 | 206103223 | 第二借阅区/ [索取号:K876.34/213] | 在馆 | |
| 4 | 0610323 | 206103232 | 第二借阅区/ [索取号:K876.34/213] | 在馆 | |
| 5 | 0610324 | 206103241 | 第二借阅区/ [索取号:K876.34/213] | 在馆 |